<?xml version="1.0" encoding="UTF-8"?>
<record
    xmlns:xsi="http://www.w3.org/2001/XMLSchema-instance"
    xsi:schemaLocation="http://www.loc.gov/MARC21/slim http://www.loc.gov/standards/marcxml/schema/MARC21slim.xsd"
    xmlns="http://www.loc.gov/MARC21/slim">

  <leader>02817nka a2200385 i 4500</leader>
  <controlfield tag="001">102937</controlfield>
  <controlfield tag="003">ES-MaACL</controlfield>
  <controlfield tag="005">20250822063150.0</controlfield>
  <controlfield tag="007">t|</controlfield>
  <controlfield tag="008">051220q1793    sp     |     |r||1c|spa d</controlfield>
  <datafield tag="100" ind1="1" ind2=" ">
    <subfield code="a">Ametller Rotllan, Blas,</subfield>
    <subfield code="d">1768-1841</subfield>
    <subfield code="e">egr</subfield>
    <subfield code="9">158866</subfield>
  </datafield>
  <datafield tag="245" ind1="1" ind2="4">
    <subfield code="a">[El aguador de Sevilla] </subfield>
    <subfield code="h">[Material gr&#xE1;fico]  / </subfield>
    <subfield code="c">Velazquez lo pinto , Leon Bueno lo dibuj&#xF3; ; Blas Ametller lo grab&#xF3; en Madrid baxo la direcci&#xF3;n de Dn. M.S. Carmona</subfield>
  </datafield>
  <datafield tag="260" ind1=" " ind2=" ">
    <subfield code="a">[S.l. : </subfield>
    <subfield code="b">s.n., </subfield>
    <subfield code="c">ca. 1793]</subfield>
  </datafield>
  <datafield tag="300" ind1=" " ind2=" ">
    <subfield code="a">1 estampa : </subfield>
    <subfield code="b">grabado calcogr&#xE1;fico ; </subfield>
    <subfield code="c">450 x 330 mm</subfield>
  </datafield>
  <datafield tag="490" ind1="1" ind2=" ">
    <subfield code="a">Colecci&#xF3;n facticia de grabados ;</subfield>
    <subfield code="v">17</subfield>
    <subfield code="9">184692</subfield>
  </datafield>
  <datafield tag="500" ind1=" " ind2=" ">
    <subfield code="a">Inscripci&#xF3;n: "Este quadro del Aguador de Sevilla, pintado por D. Diego Velazquez segun su primer estilo, d&#xE1; &#xE1; conocer, como not&#xF3; el Caballero Mengs, el cuidado con el que se sujet&#xF3; en sus principios aquel gran Pintor &#xE1; la imitaci&#xF3;n del natural. Tiene tres pies de rey y quatro pulgadas de alto, y de ancho dos pies y seis pulgadas: est&#xE1; en el Real Palacio de Madrid"</subfield>
  </datafield>
  <datafield tag="500" ind1=" " ind2=" ">
    <subfield code="a">Estampa que reproduce la pintura de Vel&#xE1;zquez que se conservaba en el Palacio Real de Madrid, hoy en la Apsley House de Londres. Ametller grab&#xF3; la plancha de cobre en 1793, por la que cobr&#xF3; 12.000 reales, a partir de un dibujo de Le&#xF3;n Bueno</subfield>
  </datafield>
  <datafield tag="520" ind1=" " ind2=" ">
    <subfield code="a">Estampa que reproduce el famoso "Aguador de Sevilla", una de las obras fundamentales del naturalismo Barroco sevillano y una de las m&#xE1;s importantes de la primera etapa de Vel&#xE1;zquez. La cuidada ejecuci&#xF3;n de Ametller consigue un acercamiento bastante fiel al lienzo original, siendo una muestra excepcional de los resultados conseguidos por los grabadores acad&#xE9;micos de finales del XVIII en el manejo del buril.</subfield>
  </datafield>
  <datafield tag="530" ind1=" " ind2=" ">
    <subfield code="a">Disponible en formato digital </subfield>
  </datafield>
  <datafield tag="600" ind1="1" ind2="4">
    <subfield code="a">Vel&#xE1;zquez, Diego,</subfield>
    <subfield code="d">1599-1660.</subfield>
    <subfield code="t">El aguador de Sevilla</subfield>
    <subfield code="9">241812</subfield>
  </datafield>
  <datafield tag="650" ind1=" " ind2="7">
    <subfield code="a">Aguadores</subfield>
    <subfield code="2">embne</subfield>
    <subfield code="9">241969</subfield>
  </datafield>
  <datafield tag="655" ind1=" " ind2="7">
    <subfield code="a">Grabados calcogr&#xE1;ficos</subfield>
    <subfield code="2">tgfbne</subfield>
    <subfield code="9">241761</subfield>
  </datafield>
  <datafield tag="655" ind1=" " ind2="7">
    <subfield code="a">Grabados</subfield>
    <subfield code="2">tgfbne</subfield>
    <subfield code="9">226846</subfield>
  </datafield>
  <datafield tag="655" ind1=" " ind2="4">
    <subfield code="a">Reproducciones de obras de arte</subfield>
    <subfield code="9">241931</subfield>
  </datafield>
  <datafield tag="700" ind1="1" ind2=" ">
    <subfield code="a">Vel&#xE1;zquez, Diego,</subfield>
    <subfield code="d">1599-1660</subfield>
    <subfield code="e">art</subfield>
    <subfield code="9">113793</subfield>
  </datafield>
  <datafield tag="700" ind1="1" ind2=" ">
    <subfield code="a">Bueno, Le&#xF3;n,</subfield>
    <subfield code="d">s. XVIII</subfield>
    <subfield code="e">drm</subfield>
    <subfield code="9">32380</subfield>
  </datafield>
  <datafield tag="700" ind1="1" ind2=" ">
    <subfield code="a">Salvador Carmona, Manuel,</subfield>
    <subfield code="d">1734-1820</subfield>
    <subfield code="e">drt</subfield>
    <subfield code="9">102084</subfield>
  </datafield>
  <datafield tag="830" ind1=" " ind2="0">
    <subfield code="a">Colecci&#xF3;n facticia de grabados ;</subfield>
    <subfield code="v">17</subfield>
    <subfield code="9">184692</subfield>
  </datafield>
  <datafield tag="852" ind1="4" ind2=" ">
    <subfield code="a">ES-MaACL</subfield>
    <subfield code="c">DEPO2</subfield>
    <subfield code="j">GF-2(17)</subfield>
  </datafield>
  <datafield tag="856" ind1="4" ind2=" ">
    <subfield code="u">https://www.bibliotecadigitaldeandalucia.es/catalogo/es/consulta/registro.do?id=1013935</subfield>
    <subfield code="y">Versi&#xF3;n en l&#xED;nea</subfield>
    <subfield code="z">(Biblioteca Digital de Andaluc&#xED;a)</subfield>
  </datafield>
  <datafield tag="856" ind1="4" ind2=" ">
    <subfield code="u">https://ceres.mcu.es/pages/ResultSearch?txtSimpleSearch=El%20Aguador%20de%20Sevilla&amp;simpleSearch=0&amp;hipertextSearch=1&amp;search=simpleSelection&amp;MuseumsSearch=MJ%7C&amp;MuseumsRolSearch=2&amp;</subfield>
    <subfield code="y">Versi&#xF3;n en l&#xED;nea</subfield>
    <subfield code="z">(CER.es (Colecciones en Red))</subfield>
  </datafield>
  <datafield tag="942" ind1=" " ind2=" ">
    <subfield code="2">udc</subfield>
    <subfield code="c">DIBGRB</subfield>
    <subfield code="n">0</subfield>
  </datafield>
  <datafield tag="999" ind1=" " ind2=" ">
    <subfield code="c">102937</subfield>
    <subfield code="d">102937</subfield>
  </datafield>
  <datafield tag="952" ind1=" " ind2=" ">
    <subfield code="0">0</subfield>
    <subfield code="1">0</subfield>
    <subfield code="2">udc</subfield>
    <subfield code="4">0</subfield>
    <subfield code="7">0</subfield>
    <subfield code="8">Colecci&#xF3;n_digital</subfield>
    <subfield code="a">ATENEOM</subfield>
    <subfield code="b">ATENEOM</subfield>
    <subfield code="c">DEPO2</subfield>
    <subfield code="d">2008-01-17</subfield>
    <subfield code="l">0</subfield>
    <subfield code="o">GF-2(17)</subfield>
    <subfield code="p">1107475</subfield>
    <subfield code="r">2023-02-23 00:00:00</subfield>
    <subfield code="y">DIBGRB</subfield>
  </datafield>
</record>
